| 000 | 00474nam a2200181Ia 4500 | ||
|---|---|---|---|
| 003 | OSt | ||
| 005 | 20140322125604.0 | ||
| 008 | 140130s9999 xx 000 0 und d | ||
| 020 | _a0439416590 | ||
| 050 |
_aTR _bWh62 2001 |
||
| 100 | _aCarle, Eric | ||
| 245 |
_cCarle, Eric _aWhere are you going? To see my friend / |
||
| 260 |
_bScholastic, _cc2001. _aNew York : |
||
| 300 |
_a1 v. (unpaged) : _bcol. ill. ; _c24 cm. |
||
| 440 | _v1 | ||
| 942 |
_cBK _2lcc |
||
| 999 |
_c42007 _d42007 |
||